| 000 | 01464cam a22003611i 4500 | ||
|---|---|---|---|
| 003 | SA-RiAUC | ||
| 005 | 20250531162043.0 | ||
| 008 | 250529s1993 ua g b f001r0 ara c | ||
| 040 |
_aSA-RiAUC _bara _cSA-RiAUC _erda |
||
| 041 | 1 |
_aara _heng |
|
| 050 | 4 | _b.F85125 1993 | |
| 082 | 0 | 4 |
_a909 _qSA-RiAUC |
| 090 |
_a909 _b ف و ك |
||
| 100 | 1 |
_aفوكوياما، فرانسيس، _d1952- _eمؤلف. |
|
| 240 | 1 | 4 |
_aThe end of history and the last man. _lArabic |
| 245 | 1 | 0 |
_aنهاية التاريخ وخاتم البشر / _cفرانسيس فوكوياما ؛ ترجمة حسين أحمد أمين. |
| 250 | _aالطبعة الأولى. | ||
| 264 | 1 |
_aالقاهرة : _bمركز الأهرام للترجمة والنشر، _c1993 |
|
| 300 |
_a380 صفحة ؛ _c24 سم |
||
| 336 |
_aنص _btxt _2rdacontent _3كتاب |
||
| 337 |
_aبدون وسيط _bn _2rdamedia |
||
| 338 |
_aمجلد _bnc _2rdacarrier |
||
| 500 | _aكشاف : صفحة 361-379. | ||
| 504 | _aببليوجرافية : صفحة 349-359. | ||
| 650 | 7 |
_aالتاريخ _xفلسفة _2aucsh |
|
| 650 | 7 |
_aالأحوال السياسية _2aucsh |
|
| 651 | 7 |
_aالعالم _xتاريخ _2aucsh |
|
| 700 | 1 |
_aأمين، حسين أحمد، _d1932-2014 _eمترجم. |
|
| 700 | 1 | 2 |
_iترجمة لـ : _aفوكوياما، فرانسيس، _d1952-. _tThe end of history and the last man |
| 942 |
_2ddc _cBOOK _n0 |
||
| 949 |
_aSA-JeALM _d250529 _uosman123 _n1 |
||
| 999 |
_c8575 _d8575 |
||